| 000 | 00529nam a22001817a 4500 | ||
|---|---|---|---|
| 005 | 20231113134816.0 | ||
| 008 | 231113b |||||||| |||| 00| 0 eng d | ||
| 020 | _a0702148148 | ||
| 041 | _aEnglish | ||
| 082 | _a345 VAN | ||
| 100 |
_aVan der Berg, J _lEnglish |
||
| 245 |
_aBail: A Practitioner's Guide / _cJ Van der Berg |
||
| 250 | _aSecond Edition | ||
| 260 |
_aCape Town : _bJuta Law, _c2001 |
||
| 300 |
_bxxx, 217 pages ; _c25, 5 cm. |
||
| 650 |
_aLegal practice _bLaw |
||
| 942 |
_cBK _6ALISON_BN_VRIES |
||
| 999 |
_c577 _d577 |
||